00190 a2200085 4500001000700000040003500007240002900042245002400071362000900095155372 cEscola São Tomás de Aquino10aO mundo dos animaislpor10aO mundo dos animais0 a1985